MARC details
| 000 -CABECERA |
| campo de control de longitud fija |
00928cam a2200265 a 4500 |
| 001 - NÚMERO DE CONTROL |
| campo de control |
000004101 |
| 003 - IDENTIFICADOR DEL NÚMERO DE CONTROL |
| campo de control |
DO-SdBNP |
| 005 - FECHA Y HORA DE LA ÚLTIMA TRANSACCIÓN |
| campo de control |
20250702094022.0 |
| 008 - DATOS DE LONGITUD FIJA--INFORMACIÓN GENERAL |
| campo de control de longitud fija |
980219s1998 nyu 000 1 eng |
| 010 ## - NÚMERO DE CONTROL DE LA BIBLIOTECA DEL CONGRESO |
| Número de control de LC |
98013064 |
| 020 ## - NÚMERO INTERNACIONAL ESTÁNDAR DEL LIBRO |
| Número Internacional Estándar del Libro |
0684835959 (hc) |
| 040 ## - FUENTE DE LA CATALOGACIÓN |
| Centro catalogador/agencia de origen |
DO-SdBNP |
| Centro/agencia transcriptor |
DLC |
| Centro/agencia modificador |
DLC |
| -- |
OCoLC |
| -- |
DLC |
| 043 ## - CÓDIGO DE ÁREA GEOGRÁFICA |
| Código de área geográfica |
n-us-ny |
| 050 00 - SIGNATURA TOPOGRÁFICA DE LA BIBLIOTECA DEL CONGRESO |
| Número de clasificación |
PS3553.L287 |
| Número de documento/Ítem |
Y68 1998 |
| 082 00 - NÚMERO DE LA CLASIFICACIÓN DECIMAL DEWEY |
| Número de clasificación |
813/.54 |
| Número de edición |
21 |
| 100 1# - ENTRADA PRINCIPAL--NOMBRE DE PERSONA |
| Nombre de persona |
Clark, Mary Higgins. |
| 9 (RLIN) |
12209 |
| 245 10 - MENCIÓN DE TÍTULO |
| Título |
You belong to me / |
| Mención de responsabilidad, etc. |
Mary Higgins Clark. |
| 260 ## - PUBLICACIÓN, DISTRIBUCIÓN, ETC. |
| Lugar de publicación, distribución, etc. |
New York, NY : |
| Nombre del editor, distribuidor, etc. |
Simon & Schuster, |
| Fecha de publicación, distribución, etc. |
c1998. |
| 300 ## - DESCRIPCIÓN FÍSICA |
| Extensión |
317 p. ; |
| Dimensiones |
25 cm. |
| 856 42 - LOCALIZACIÓN Y ACCESO ELECTRÓNICOS |
| Especificación de materiales |
Contributor biographical information |
| Identificador Uniforme del Recurso |
<a href="http://www.loc.gov/catdir/bios/simon053/98013064.html">http://www.loc.gov/catdir/bios/simon053/98013064.html</a> |
| 856 41 - LOCALIZACIÓN Y ACCESO ELECTRÓNICOS |
| Especificación de materiales |
Sample text |
| Identificador Uniforme del Recurso |
<a href="http://www.loc.gov/catdir/samples/simon031/98013064.html">http://www.loc.gov/catdir/samples/simon031/98013064.html</a> |
| 856 42 - LOCALIZACIÓN Y ACCESO ELECTRÓNICOS |
| Especificación de materiales |
Publisher description |
| Identificador Uniforme del Recurso |
<a href="http://www.loc.gov/catdir/description/simon033/98013064.html">http://www.loc.gov/catdir/description/simon033/98013064.html</a> |
| 910 ## - DATOS DE OPCIÓN DEL USUARIO (OCLC) |
| Datos de opción del usuario |
Catalogación por copia / LC |
| 942 ## - ELEMENTOS DE PUNTO DE ACCESO ADICIONAL (KOHA) |
| Fuente del sistema de clasificación o colocación |
Dewey Decimal Classification |
| Tipo de ítem Koha |
Libro |